Tarifný systém MHD

Z cenovej teórie je tarifa výsledkom ekonomických rozhodnutí podniku spoločne s rozhodnutím o dopravnej stratégii, v ktorej sú aj prvky sociálno-politické. Tarifná a dotačná politika. Zmeny tarify MHD. Tržby MHD.

Saved in:
Bibliographic Details
Main Author: Surovec, P.
Other Authors: Cisko, Štefan
Format: Book Chapter
Language:Slovak
Subjects:
Tags: Add Tag
No Tags, Be the first to tag this record!

MARC

LEADER 00000naa a2200000 4500
001 r024565
005 20221205090314.6
041 0 |a slo 
044 |a SK 
245 1 0 |a Tarifný systém MHD  |c P. Surovec, Š. Cisko 
520 |a Z cenovej teórie je tarifa výsledkom ekonomických rozhodnutí podniku spoločne s rozhodnutím o dopravnej stratégii, v ktorej sú aj prvky sociálno-politické. Tarifná a dotačná politika. Zmeny tarify MHD. Tržby MHD. 
610 2 0 |a doprava hromadná mestská 
610 2 0 |a tarify dopravné 
610 2 0 |a dotácie 
610 2 0 |a tržby 
610 2 0 |a Slovensko 
100 1 |a Surovec, P. 
700 1 |a Cisko, Štefan